Statistics for Star Wars Crawl - Revenge of the Sith

Click here to take the quiz!

General Stats

  • This quiz has been taken 775 times
    (671 since last reset)
  • The average score is 36 of 75

Answer Stats

Answer% Correct
a
97%
a
97%
the
84%
the
84%
the
84%
the
84%
the
84%
The
84%
the
84%
the
84%
Jedi
77%
War!
72%
General
68%
Grievous,
68%
Palpatine,
67%
Republic
67%
Republic
67%
Chancellor...
65%
Chancellor
65%
In
65%
is
62%
is
62%
Sith
59%
Dooku.
58%
droid
58%
droid
58%
army
55%
Count
55%
of
53%
to
53%
to
53%
and
51%
on
49%
rescue
49%
Senate.
49%
separatist
47%
Galactic
45%
has
45%
kidnapped
45%
lead
45%
Evil
44%
Lord,
43%
Knights
42%
two
42%
leader
41%
leader,
41%
are
40%
under
38%
mission
34%
by
32%
capital
32%
capital
32%
As
31%
There
31%
heroes
27%
sides.
27%
with
27%
both
26%
desperate
25%
move,
25%
captive
24%
everywhere.
24%
flee
23%
crumbling
22%
their
22%
attacks
20%
into
20%
hostage,
19%
attempts
17%
stunning
16%
fiendish
15%
ruthless
15%
besieged
14%
swept
14%
valuable
13%

Score Distribution

Percentile by Number Answered

Percent of People with Each Score

Your Score History

You have not taken this quiz since the last reset